[Event "Foment Martinenc op-B 23rd"]
[Site "Barcelona"]
[Date "2023.05.27"]
[Round "6"]
[White "Amat Davins, Biel"]
[Black "Planas Sarmiento, Joan"]
[Result "1-0"]
[WhiteElo "1679"]
[BlackElo "1726"]
[PlyCount "77"]
[EventDate "2023.04.22"]
[EventType "swiss"]
[EventRounds "9"]
[EventCountry "ESP"]
[SourceTitle "EXT 2024"]
[Source "ChessBase"]
[SourceDate "2023.10.10"]
[SourceVersion "1"]
[SourceVersionDate "2023.10.10"]
[SourceQuality "1"]

1. e4 e6 2. d4 d5 3. Bd3 c5 4. exd5 exd5 5. Nf3 Nc6 6. Be3 c4 7. Be2 Bf5 8. Nc3 Nf6 9. 0-0 Bd6 10. Bg5 h6 11. Bxf6 Qxf6 12. Nxd5 Qd8 13. Bxc4 0-0 14. Re1 Na5 15. Ne3 Nxc4 16. Nxf5 Qd7 17. Nxd6 Qxd6 18. Qd3 Rac8 19. b3 Nb6 20. Re4 Nd5 21. c4 Nf6 22. Re3 Ng4 23. Re4 f5 24. Re2 Qg6 25. h3 Nf6 26. Nh4 Qg5 27. Nxf5 Ne4 28. Qxe4 Qxf5 29. Qxf5 Rxf5 30. d5 Kf7 31. Rae1 b5 32. Re4 bxc4 33. bxc4 Rb8 34. d6 Rb6 35. Re7+ Kg6 36. d7 Rd6 37. R1e6+ Rf6 38. Rxd6 Rxd6 39. Re6+ 1-0